Revista Acadm̊ica da Faculdade de Direito do Recife

Detalles Bibliográficos
Formato: eBook
Lenguaje:portugués
Publicado: [s.l] : Faculdade de Direito do Recife, 199? -
Materias:
Acceso en línea:Acceso restringido

MARC

LEADER 00000nam a22000007a 4500
005 20180327115045.0
007 cr|||| ||||
008 180327c9999199?br |||| s|||| 0|||a1por d
022 |a 2448-2307 
035 |a 21002 
040 |a vLex 
090 |c 7561  |d 7561 
245 0 0 |a Revista Acadm̊ica da Faculdade de Direito do Recife  |h [Recurso electrn̤ico] 
256 |a Servicio en ln̕ea 
260 |a [s.l] :  |b Faculdade de Direito do Recife,  |c 199? -  
300 |a 1 recurso electrn̤ico 
310 |a Semestral 
506 1 |a Disponible solo en los productos indicados  |d vLex Global  |d vLex Global (Academic Edition, excluding Law Schools)  |d vLex Global (U.S. Academic Edition, Law Schools)  |d vLex Global (U.S. Academic Edition, excluding Law Schools)  |d vLex Global (Academic Edition, Law Schools) 
650 0 4 |a Derecho  |z Brasil 
740 0 |a vLex Revistas (Servicio en ln̕ea) 
856 4 0 |u http://vlex.com/source/revista-academica-faculdade-direito-recife-rafdr-21002  |z Acceso restringido 
942 |c REV 
999 0 |a Law